ProQuest dissertations & theses global.

ProQuest Dissertations & Theses Global is the world's most comprehensive collection of dissertations and theses from around the world, spanning from 1743 to the present day and offering full text for graduate works added since 1997, along with selected full text for works written prior to 1...

Full description

Bibliographic Details
Corporate Author: ProQuest (Firm)
Format: Database
Language:English
Published: [Ann Arbor, Mich.] : ProQuest LLC.
Subjects:
Online Access:http://proxy.library.tamu.edu/login?url=http://coral.library.tamu.edu/resourcelink.php?resource=4136

MARC

Tag First Indicator Second Indicator Subfields
LEADER 00000cai a2200000Ia 4500
001 in00003341007
005 20190407112832.0
006 m o d
007 cr |||||||||||
008 c200u9999miuuu dooai 0 2eng d
035 |a (OCoLC)ocn868832368 
035 |a (OCoLC)868832368 
037 |b ProQuest, 789 E. Eisenhower Parkway, P.O. Box 1346, Ann Arbor, MI 48106-1346 
040 |a TXA  |c TXA  |d UtOrBLW 
049 |a TXAM 
090 |a AI3  |b .P765 Electronic 
245 0 0 |a ProQuest dissertations & theses global. 
246 1 |a Dissertations and theses global 
246 1 |a ProQuest dissertations and theses global 
246 1 |i Also known as:  |a PQDTG 
264 1 |a [Ann Arbor, Mich.] :  |b ProQuest LLC. 
300 |a 1 online resource. 
336 |a text  |b txt  |2 rdacontent 
337 |a computer  |b c  |2 rdamedia 
338 |a online resource  |b cr  |2 rdacarrier 
362 1 |a Began in 2000s? 
520 |a ProQuest Dissertations & Theses Global is the world's most comprehensive collection of dissertations and theses from around the world, spanning from 1743 to the present day and offering full text for graduate works added since 1997, along with selected full text for works written prior to 1997. It contains a significant amount of new international dissertations and theses both in citations and in full text. 
588 |a Title from homepage (Proquest, viewed Jan. 20, 2014). 
500 |a Electronic resource. 
650 0 |a Dissertations, Academic  |v Abstracts. 
650 0 |a Dissertations, Academic  |v Indexes. 
650 6 |a Thèses et écrits académiques  |v Résumés analytiques  |v Bases de données. 
650 6 |a Thèses et écrits académiques  |v Index  |v Bases de données. 
650 7 |a Dissertations, Academic.  |2 fast  |0 (OCoLC)fst00895423 
655 7 |a Databases.  |2 local 
655 7 |a Abstracts.  |2 fast  |0 (OCoLC)fst01423683 
655 7 |a Indexes.  |2 fast  |0 (OCoLC)fst01423761 
710 2 |a ProQuest (Firm) 
856 4 0 |u http://proxy.library.tamu.edu/login?url=http://coral.library.tamu.edu/resourcelink.php?resource=4136  |t 0 
994 |a C0  |b TXA 
948 |a cataloged  |b h  |c 2014/1/22  |d o  |e lfurubot  |f 2:07:10 pm  |g NCO IR 
999 |a MARS 
999 f f |s 314bc8bc-2a61-31c6-8a43-3a8ee0917d82  |i 4129b46d-5736-3d9f-be72-66c657c60e2e  |t 0 
952 f f |a Texas A&M University  |b College Station  |c Electronic Resources  |d Available Online  |t 0  |e AI3 .P765  |g Electronic  |h Library of Congress classification 
998 f f |a AI3 .P765  |t 0  |l Available Online